All Sabrina Carpenter Songs - Statistics

General Stats
  • This quiz has been taken 15 times
  • The average score is 60 of 104
Answer Stats
Album Answer % Correct
Short 'n Sweet (DELUXE) Espresso
100%
Man's Best Friend Manchild
100%
emails i can't send fwd: Feather
92%
Short 'n Sweet (DELUXE) Please Please Please
92%
Short 'n Sweet (DELUXE) Please Please Please (feat. Dolly Parton)
92%
Short 'n Sweet (DELUXE) Taste
92%
Man's Best Friend Tears
92%
emails i can't send fwd: because i liked a boy
83%
Short 'n Sweet (DELUXE) Bed Chem
83%
emails i can't send fwd: emails i can't send
83%
Eyes Wide Open Eyes Wide Open
83%
Man's Best Friend House Tour
83%
Short 'n Sweet (DELUXE) Juno
83%
emails i can't send fwd: Nonsense
83%
Singles/Collaborations/Disney Skin
83%
Evolution Thumbs
83%
Man's Best Friend When Did You Get Hot?
83%
Short 'n Sweet (DELUXE) 15 Minutes
75%
Short 'n Sweet (DELUXE) Busy Woman
75%
emails i can't send fwd: decode
75%
Man's Best Friend Go Go Juice
75%
Man's Best Friend Goodbye
75%
emails i can't send fwd: Read your Mind
75%
Short 'n Sweet (DELUXE) Sharpest Tool
75%
emails i can't send fwd: Tornado Warnings
75%
Eyes Wide Open Can't Blame a Girl for Trying
67%
Short 'n Sweet (DELUXE) Coincidence
67%
Short 'n Sweet (DELUXE) Don't Smile
67%
emails i can't send fwd: Fast Times
67%
Singular Act || Looking At Me
67%
Singular Act | Mona Lisa
67%
Man's Best Friend Nobody's Son
67%
Evolution On Purpose
67%
Singular Act | Paris
67%
emails i can't send fwd: skinny dipping
67%
Singular Act | Sue Me
67%
emails i can't send fwd: Vicious
67%
Man's Best Friend We Almost Broke Up Again Last Night
67%
Singular Act | Almost Love
58%
emails i can't send fwd: Already Over
58%
emails i can't send fwd: Bad for Business
58%
Short 'n Sweet (DELUXE) Bad Reviews
58%
emails i can't send fwd: bet u wanna
58%
Short 'n Sweet (DELUXE) Couldn't Make It Any Harder
58%
Man's Best Friend Don't Worry I'll Make You Worry
58%
Short 'n Sweet (DELUXE) Dumb & Poetic
58%
Singular Act || Exhale
58%
Short 'n Sweet (DELUXE) Good Graces
58%
emails i can't send fwd: how many things
58%
Short 'n Sweet (DELUXE) Lie To Girls
58%
emails i can't send fwd: Lonesome
58%
Man's Best Friend Never Getting Laid
58%
emails i can't send fwd: opposite
58%
Singular Act || Pushing 20
58%
Man's Best Friend Sugar Talking
58%
emails i can't send fwd: things i wish you said
58%
Eyes Wide Open Too Young
58%
Singles/Collaborations/Disney Alien
50%
Evolution All We Have Is Love
50%
Singular Act | Bad Time
50%
Eyes Wide Open Best Thing I Got
50%
Eyes Wide Open Darling I'm a Mess
50%
Singular Act | Diamonds Are Forever
50%
Evolution Don't Want It Back
50%
Evolution Feels Like Loneliness
50%
Singular Act || I Can't Stop
50%
Singular Act || I'm Fakin
50%
Singular Act || In My Bed
50%
Evolution Mirage
50%
Man's Best Friend My Man on Willpower
50%
Singles/Collaborations/Disney On My Way
50%
Singular Act | prfct
50%
Eyes Wide Open Right Now
50%
Evolution Run and Hide
50%
Eyes Wide Open Seamless
50%
Evolution Shadows
50%
Short 'n Sweet (DELUXE) Slim Pickins
50%
Evolution Space
50%
Singular Act || Take Off All Your Cool
50%
Eyes Wide Open The Middle of Starting Over
50%
Eyes Wide Open Two Young Hearts
50%
Eyes Wide Open White Flag
50%
Singles/Collaborations/Disney Why
50%
Eyes Wide Open Your Love's Like
50%
Singles/Collaborations/Disney Clouds (with Fin Argus)
42%
Singular Act | Hold Tight
42%
Evolution No Words
42%
Singles/Collaborations/Disney Smoke and Fire
42%
Singles/Collaborations/Disney Take On The World
42%
Singular Act || Take You Back
42%
Singular Act || Tell Em
42%
Eyes Wide Open We'll Be The Stars
42%
Singles/Collaborations/Disney Honeymoon Fades
33%
Singles/Collaborations/Disney Let Me Move You (From the Netflix film Work It)
33%
Singles/Collaborations/Disney WOW (with Zara Larsson)
33%
Singles/Collaborations/Disney First Love
25%
Singles/Collaborations/Disney Silver Nights
25%
Singles/Collaborations/Disney A Dream Is a Wish Your Heart Makes/So This Is Love
17%
Singles/Collaborations/Disney Christmas the Whole Year Round
17%
Singles/Collaborations/Disney A Nonsense Christmas
8%
Singles/Collaborations/Disney Have Yourself a Merry Little Christmas
8%
Singles/Collaborations/Disney fruitcake
0%
Singles/Collaborations/Disney I'll Be Home For Christmas
0%
Singles/Collaborations/Disney That's Not How This Works (with Charlie Puth and Dan + Shay)
0%
No matching quizzes found
Score Distribution
Percent of People with Each Score
Percentile by Number Answered
Your Score History
You have not taken this quiz